Normal view
MARC view
- CANCIONEROS
Entry Materia
001 - NÚMERO DE CONTROL DEL REGISTRO
- campo de control: 5567
003 - IDENTIFICADOR DE NUMERO DE CONTROL
- campo de control: UPN
005 - FECHA Y HORA DE LA ÚLTIMA TRANSACCIÓN
- campo de control: 20210219193653.0
008 - DATOS DE LONGITUD FIJA
- campo de control de longitud fija: nabaccnnaabn|||||||||| b |nc|||||d
035 ## - NÚMERO DE CONTROL DEL SISTEMA
- Número de control del sistema: UPN10000005567
040 ## - FUENTE DE LA CATALOGACIÓN
- Lengua de catalogación: SPA
- Agencia de transcripción: UPN
150 ## - ENCABEZAMIENTO - TEMÁTICO
- Término de materia o nombre geográfico como elemento inicial: CANCIONEROS
670 ## - FUENTE EN LA QUE SE LOCALIZARON DATOS
- Cita de la fuente: E
680 ## - NOTA GENERAL CON DESPLIEGUE PÚBLICO
- Texto explicativo: Aquí se asientan las colecciones generales de canciones del hogar y la comunidad, sobre todo profanas en su contenido, arreglos principalmente para voces mixtas y partituradas sobre dos pentagramas como en su equivalencia sagrada, los himnarios
902 ## - CATALOGADOR
- Catalogador: MMA/240495
